000 00859nam a22001817a 4500
999 _c63880
_d63880
003 Ge_BSU
005 20260211141449.0
008 260211s1969 ge ||||| |||| 00| 0 geo d
041 _ageo
080 _a911.3:33(479.22)(075.3) კ-26
100 _aკარბელაშვილი, ლუარსაბ
_926874
245 _aსაქართველოს სსრ ეკონომიური გეოგრაფია :
_bმე-8 კლ. სახელმძღვ. /
_cლუარსაბ კარბელაშვილი.
250 _aმე-3 გამოც.
264 _aთბილისი :
_bგანათლება,
_c1969.
300 _a136 გვ. :
_bილ. ;
_c21 სმ.
653 _aსაქართველოს ეკონომიური გეოგრაფია
942 _2udc
_cᲬᲘᲒᲜᲘ